Conflict of laws : cases, comments, questions

Bibliographic Details
Main Author: Cramton, Roger C.
Format: Book
Language:English
Published: St. Paul, Minn. : : West Pub. Co., , 1987.
Subjects:

MARC

LEADER 00000cam a2200000 7i4500
001 0000009820
005 20121112.0
008 121112 eng
020 |a 031439866X 
090 0 0 |a R342.73942 CRA 
100 0 |a Cramton, Roger C. 
245 0 0 |a Conflict of laws :   |b cases, comments, questions   |c by Roger C. Cramton, David P. Currie, and Herma Hill Kay. 
260 |a St. Paul, Minn. : :   |b West Pub. Co., ,   |c 1987. 
300 |a liv, 876 p. ; ;   |c 26 cm. 
650 0 0 |a Conflict of laws,United States,Cases. 
999 |a 68813   |b Buku   |c Rujukan   |e Perbadanan Perpustakaan Awam Melaka